Taxable Income (US) Quiz Stats

 Plays Quiz Updated Feb 24, 2020

     
Support Sporcle.
Go Orange.
Score 0/15 Timer 05:00
0 Plays Today
1040 Line Number Type of Income % Correct
Line 7Wages, salaries, tips, etc
90.1%
Line 8aTaxable interest
61.9%
Line 13Capital gain (or loss)
56.7%
Line 21Other income
46.6%
Line 9aOrdinary dividends
44.5%
Line 17Rental real estate, royalties, partnerships, S corporations, trusts, etc
39.5%
Line 12Business Income (or loss)
31.1%
Line 16bPensions and annuities
28.6%
1040 Line Number Type of Income % Correct
Line 20bSocial security benefits
25.8%
Line 11Alimony received
23.1%
Line 15bIRA distributions
17.5%
Line 19Unemployment compensation
16.4%
Line 18Farm income (or loss)
15.5%
Line 10Taxable refunds, credits or offsets of state and local income taxes
15.4%
Line 14Other gains (or losses)
4.9%

From the Vault

Hollywood Squares XI

by big8dog88

Movies 7m
All Hollywood Squares are Hollywood Rectangles but not all Hollywood Rectangles are Hollywood Squares.
Remove Ads.
Support Sporcle.
Get the best of Sporcle when you Go Orange. This ad-free experience offers more features, more stats, and more fun while also helping to support Sporcle. Thank you for becoming a member.

Show Comments

Extras

Top Quizzes Today


Score Distribution

Your Account Isn't Verified!

In order to create a playlist on Sporcle, you need to verify the email address you used during registration. Go to your Sporcle Settings to finish the process.

Report this User

Report this user for behavior that violates our Community Guidelines.

Details: